[Event "Politiken Cup 22nd"]
[Site "Copenhagen"]
[Date "2000.07.28"]
[Round "11"]
[White "Rasmussen, Casper"]
[Black "Bogdanov, Dimitri"]
[Result "0-1"]
[WhiteElo "2281"]
[BlackElo "2093"]
[PlyCount "68"]
[EventDate "2000.07.17"]
[EventType "swiss"]
[EventRounds "11"]
[EventCountry "DEN"]
[SourceTitle "CBM 077 Extra"]
[Source "ChessBase"]
[SourceDate "2000.09.14"]
[SourceVersion "1"]
[SourceVersionDate "2000.09.14"]
[SourceQuality "1"]

1. e4 g6 2. d4 Bg7 3. Nc3 d6 4. g3 Nf6 5. Bg2 0-0 6. Nge2 Nbd7 7. h3 e5 8. Be3 Re8 9. 0-0 exd4 10. Bxd4 c6 11. a4 a5 12. Qd2 Ne5 13. f4 Nc4 14. Qc1 d5 15. b3 Nd6 16. e5 Nfe4 17. Nxe4 Nxe4 18. Qe3 f6 19. Bxe4 dxe4 20. exf6 Bxf6 21. Kh2 h5 22. Rad1 Bf5 23. Bb6 Qc8 24. h4 Bg4 25. Rd2 Qe6 26. Nd4 Qe7 27. f5 g5 28. Ne6 gxh4 29. Qxe4 hxg3+ 30. Kxg3 Bh4+ 31. Kh2 Qf6 32. Rd7 Re7 33. Rd6 Qc3 34. Rg1 Qh3# 0-1